000 00471nam a2200157 i 4500
001 51014
003 ES-MaACL
005 20230906162257.0
007 t|
008 030808s1981 sp ||||1| eng d
100 1 _aChang, Ya-chun.
_937969
245 1 0 _aChinese communist activities in Africa poliices and challenges /
_cby Chang Ya-chun.
260 _a[S.l.] :
_bWorld Anti-Communist League,
_c1981.
300 _a67 p. ;
_c19 cm.
852 _aES-MaACL
_jL-1074
_bR.101982
999 _c51014
_d51014